[Event "Husek Vienna Open A"]
[Site "Vienna AUT"]
[Date "2012.08.17"]
[Round "5"]
[White "Michalczak,T"]
[Black "Jovanovic,Zo CRO"]
[Result "0-1"]
[WhiteElo "2364"]
[BlackElo "2521"]

1.e4 d6 2.d4 Nf6 3.Nc3 e5 4.Nf3 Nbd7 5.Bc4 Be7 6.O-O O-O 7.Re1 c6 8.a4 b6
9.Ba2 a6 10.h3 Rb8 11.Nh4 exd4 12.Qxd4 Nc5 13.b4 Ncxe4 14.Nxe4 Nxe4 15.Qxe4 Bxh4
16.Qxc6 Bb7 17.Qc4 Rc8 18.Qe2 d5 19.Bb2 d4 20.Qd2 Qf6 21.Qxd4 Qg6 22.Qg4 Bxf2+
23.Kxf2 Rxc2+ 24.Re2 Rxe2+ 25.Qxe2 Qxg2+ 26.Ke1 Qg3+ 27.Kd2 Rd8+ 28.Kc2 Rc8+
29.Kd2 Qf4+ 30.Ke1 Qxb4+ 31.Kf1 Qf4+ 32.Ke1 Qg3+ 33.Kd2 Qf4+ 34.Ke1 Qh4+
35.Kd2 Qb4+ 36.Kd1 Qxa4+ 37.Ke1 Qh4+ 38.Kd2 Qb4+ 39.Kd1 Rd8+ 40.Kc1 Qf4+  0-1

[Event "11th Lichtenberger Sommer 2012"]
[Site "Berlin GER"]
[Date "2012.08.18"]
[Round "1.74"]
[White "Penner,M"]
[Black "Duric,R"]
[Result "1-0"]
[WhiteElo "1998"]
[BlackElo "1771"]

1.e4 d6 2.d4 Nf6 3.Nc3 c6 4.Nf3 Bg4 5.h3 Bxf3 6.Qxf3 Qb6 7.Qd1 Nbd7 8.a3 e6
9.Be2 Be7 10.Be3 Qc7 11.O-O O-O 12.f4 d5 13.e5 Ne4 14.Nxe4 dxe4 15.c4 f5
16.d5 cxd5 17.cxd5 exd5 18.Qxd5+ Kh8 19.Rac1 Nb6 20.Qe6 Qd8 21.Kh2 Qe8 22.Bxb6 axb6
23.Qxb6 g5 24.Bb5 Qd8 25.Qxd8 Bxd8 26.g3 gxf4 27.gxf4 Bh4 28.Rc7 Rad8 29.e6 Rd2+
30.Kh1 Rg8 31.e7 Bg3 32.e8=Q Rxe8 33.Bxe8 Rh2+ 34.Kg1 Rxb2 35.Bh5 e3 36.Rd1 Bh4
37.Rdd7 Rb1+ 38.Kg2  1-0

[Event "LBV Open A 2012"]
[Site "Roosendaal NED"]
[Date "2012.08.18"]
[Round "4.40"]
[White "Peeters,M"]
[Black "Broekmeulen,Jo"]
[Result "1/2-1/2"]
[WhiteElo "2037"]
[BlackElo "1999"]

1.e4 d6 2.d4 Nf6 3.Nc3 Nbd7 4.Nf3 e5 5.Bc4 Be7 6.a4 O-O 7.O-O c6 8.Ba2 h6
9.Re1 a5 10.h3 Re8 11.Be3 Bf8 12.Qd2 Qc7 13.Nh4 Nh7 14.f4 exf4 15.Bxf4 g5
16.Nf5 Ndf6 17.Bxd6 Bxd6 18.Nxd6 Qxd6 19.e5 Qb4 20.exf6 Bf5 21.Bb3 Bg6 22.Qf2 Rad8
23.Re5 Nxf6 24.Rae1 Kg7 25.Rxe8 Nxe8 26.Ne2 Nf6 27.Rf1 Ne4 28.Qe3 f5 29.Be6 f4
30.Qc1 Re8 31.Bg4 h5 32.Bf3 Nd2 33.Rf2 Nxf3+ 34.gxf3 Qxa4 35.b3 Qb4 36.Qd1 Re3
37.Kg2 a4 38.bxa4 Qxa4 39.Ng1 Qc4 40.Qa1 Kh7 41.Qa7 Qb4 42.Qb8 Re8 43.Qc7+ Qe7
44.Qxe7+ Rxe7 45.h4 Bf5 46.hxg5 Kg6 47.Nh3 Bxh3+ 48.Kxh3 Re3 49.Kg2 Kxg5
50.Rd2 Kf6 51.d5 cxd5 52.Rxd5 h4 53.Rb5 Re7 54.Kh3 Re3  1/2-1/2

[Event "LBV Open A 2012"]
[Site "Roosendaal NED"]
[Date "2012.08.18"]
[Round "5.14"]
[White "Provoost,S"]
[Black "Leenhouts,K"]
[Result "0-1"]
[WhiteElo "2247"]
[BlackElo "2390"]

1.e4 d6 2.Nc3 Nf6 3.d4 e5 4.Nf3 Nbd7 5.Bc4 Be7 6.O-O O-O 7.h3 a6 8.a4 b6
9.Re1 c6 10.Bf1 Bb7 11.dxe5 dxe5 12.Nd2 Qc7 13.Ne2 b5 14.Ng3 Rfd8 15.Qf3 Nc5
16.a5 Ne6 17.Nb3 c5 18.Be3 Nd4 19.Bxd4 exd4 20.c4 b4 21.Nh5 Nxh5 22.Qxh5 g6
23.Qg4 h5 24.Qd1 Bd6 25.g3 h4 26.g4 Re8 27.Bg2 Re7 28.Qd3 Rae8 29.Re2 f5
30.Rae1 Bh2+ 31.Kf1 fxg4 32.hxg4 Be5 33.Kg1 Rf8 34.Rf1 Rf4 35.f3 h3 36.Bxh3 Rh7
37.Bg2 Qe7 38.Rff2 Bc8 39.Nd2 Qh4 40.Nf1 Bxg4 41.b3 Bd7 42.Ra2 Qg5 43.Nd2 Rfh4
44.Kf1 Bg3 45.Re2 Rh1+ 46.Bxh1 Rxh1+ 47.Kg2 Bf2+  0-1

[Event "2nd Split Open 2012"]
[Site "Split CRO"]
[Date "2012.08.18"]
[Round "8.11"]
[White "Biliskov,V"]
[Black "Dragomirescu,An"]
[Result "1/2-1/2"]
[WhiteElo "2335"]
[BlackElo "2242"]

1.e4 d6 2.d4 Nf6 3.Nc3 e5 4.Nf3 Nbd7 5.g3 Be7 6.Bg2 O-O 7.O-O Re8 8.h3 Bf8
9.Re1 c6 10.a4 b6 11.b3 Bb7 12.Ba3 Qc7 13.Qd2 a6 14.Rad1 b5 15.dxe5 dxe5
16.Bxf8 Nxf8 17.Qd6 Qxd6 18.Rxd6 Ng6 19.Nh2 Rad8 20.Red1 Rxd6 21.Rxd6 Kf8
22.Nf1 Ke7 23.Rd1 Rd8 24.Rxd8 Kxd8 25.Ne3 Ne8 26.h4 Nf8 27.Kf1 Ne6 28.Ke2 Bc8
29.Kd2  1/2-1/2

[Event "e2e4 Gatwick Masters B 2012"]
[Site "Crawley ENG"]
[Date "2012.08.19"]
[Round "3.4"]
[White "Venkataramanan,T"]
[Black "Klaric,Zl"]
[Result "1/2-1/2"]
[WhiteElo "2287"]
[BlackElo "2427"]

1.e4 d6 2.d4 Nf6 3.Nc3 c6 4.f4 d5 5.e5 Ne4 6.Nxe4 dxe4 7.Bc4 f5 8.Be3 Na6
9.Nh3 Nc7 10.Qe2 Be6 11.Bb3 Bxb3 12.axb3 e6 13.O-O a6 14.Nf2 Be7 15.g4 Bh4
16.Nh3 Qe7 17.c4 O-O-O 18.Rfd1 Rd7 19.Kh1 Rhd8 20.Ng1 h6 21.Qc2 g5 22.Ne2 gxf4
23.Bxf4 Bg5 24.Qc1 c5 25.d5 exd5 26.gxf5 dxc4 27.Rxd7 Qxd7 28.Bxg5 hxg5 29.e6 Qd5
30.e7 Rh8 31.Qc3 Re8 32.f6 e3+ 33.Kg1 Qf3 34.Rf1 Qxe2 35.Qxc4 Qxc4 36.bxc4 Ne6
37.Re1 Nd8 38.Rxe3 Nf7 39.Rd3 Kc7 40.Kf2 Ne5 41.Kg3 Ng6 42.Rd5 Nxe7 43.fxe7 Kc6
44.Rxg5 Rxe7 45.Rg6+ Kc7 46.Rf6 Rg7+ 47.Kf2 Rh7 48.Kg3  1/2-1/2

[Event "ZMDI Open A 2012"]
[Site "Dresden GER"]
[Date "2012.08.19"]
[Round "2"]
[White "Szabo,Krisz1"]
[Black "Berni,Fa"]
[Result "1-0"]
[WhiteElo "2548"]
[BlackElo "2132"]

1.e4 d6 2.d4 Nf6 3.Nc3 Nbd7 4.Nf3 e5 5.Bc4 Be7 6.O-O O-O 7.a4 c6 8.Re1 a5
9.b3 exd4 10.Nxd4 Nb6 11.Bd3 Nfd7 12.Bf1 Nc5 13.Bb2 Re8 14.Qd2 g6 15.g3 Nbd7
16.Bg2 Bf8 17.Rad1 Nf6 18.h3 Qb6 19.f4 Bg7 20.Qf2 Qb4 21.e5 dxe5 22.fxe5 Nfd7
23.Ndb5 cxb5 24.Nd5  1-0

[Event "12th ch-Euro Seniors"]
[Site "Kaunas LTU"]
[Date "2012.08.19"]
[Round "2.25"]
[White "Malisov,B"]
[Black "Marks,I"]
[Result "1-0"]
[WhiteElo "2298"]
[BlackElo "1947"]

1.e4 d6 2.d4 Nf6 3.Nc3 c6 4.Nf3 Bg4 5.Be2 e6 6.Nd2 Bxe2 7.Qxe2 d5 8.e5 Nfd7
9.Nf3 c5 10.dxc5 Bxc5 11.O-O O-O 12.Bf4 Nc6 13.Rad1 f6 14.exf6 Qxf6 15.Bg3 Rae8
16.a3 a6 17.Na4 Qe7 18.c4 d4 19.Nxc5 Qxc5 20.b4 Qa7 21.b5 axb5 22.cxb5 Ncb8
23.Bd6 Rf6 24.Bb4 Rf4 25.g3 Rg4 26.Kg2 Nf6 27.h3 Re4 28.Qc4 Nbd7 29.Rxd4 Rxd4
30.Qxd4 Qa4 31.Qd3 Nd5 32.Re1 N7f6 33.Qc4 Nb6 34.Qc5 Nfd7 35.Qd6 Qb3 36.Nd4 Qd5+
37.Qxd5 Nxd5 38.Rxe6 Rxe6 39.Nxe6 Nxb4 40.axb4 Ne5 41.f4 Nd3 42.Nc5 Nxb4
43.Nxb7 Nd5 44.Kf3 Kf7 45.Na5 Nb6 46.Ke4 Ke6 47.Kd4 Nd7 48.Nc4 h6 49.g4 g6
50.b6 h5 51.b7 Nb8 52.Kc5  1-0

[Event "EY Boys U18 2012"]
[Site "Prague CZE"]
[Date "2012.08.19"]
[Round "3.28"]
[White "Petras,Ma1"]
[Black "Horvat,Dan"]
[Result "0-1"]
[WhiteElo "1958"]
[BlackElo "2242"]

1.e4 d6 2.d4 Nf6 3.Nc3 Nbd7 4.Be3 e5 5.Nf3 Be7 6.Bc4 O-O 7.O-O a6 8.a4 b6
9.dxe5 dxe5 10.Qe2 c6 11.Ng5 Qe8 12.Rfd1 h6 13.Nf3 Bb7 14.Nh4 b5 15.Bb3 Nc5
16.Bxc5 Bxc5 17.Ng6 Bc8 18.h3 b4 19.Na2 Kh7 20.Nxf8+ Qxf8 21.Nc1 Bd4 22.Rb1 g5
23.Qf3 Qg7 24.c3 g4 25.Qg3 Nh5 26.Qh4 gxh3 27.g3 Nxg3  0-1

[Event "EY Girls U16 2012"]
[Site "Prague CZE"]
[Date "2012.08.19"]
[Round "3.36"]
[White "Sanders,Catheleijne"]
[Black "Goian,Valeria"]
[Result "1-0"]
[WhiteElo "1800"]
[BlackElo "1411"]

1.e4 d6 2.d4 Nf6 3.Nc3 c6 4.Bd3 e5 5.Nf3 Nbd7 6.O-O Qc7 7.Re1 Be7 8.a4 O-O
9.Bg5 Qb6 10.dxe5 Nxe5 11.Nxe5 dxe5 12.Qc1 Be6 13.Nd1 h6 14.Bd2 Rad8 15.Ne3 Ng4
16.a5 Qd4 17.Nxg4 Bxg4 18.Be3 Qb4 19.Bxa7 Ra8 20.Bb6 Bg5 21.Qb1 Bd8 22.c3 Qd6
23.Bxd8 Qxd8 24.b4 b6 25.a6 b5 26.c4 Qb6 27.cxb5 cxb5 28.Ra5 Bd7 29.Qa1 Qd6
30.Bxb5 Bxb5 31.Rxb5 Rxa6 32.Qxe5 Qd2 33.Rf1 Re6 34.Qd5 Qf4 35.e5 Rfe8 36.Qf3 Qxf3
37.gxf3 Rxe5 38.Rxe5 Rxe5 39.Rb1 Rb5 40.Kf1 Kf8 41.Ke2 Ke7 42.Kd3 Kd6 43.Kc4 Kc6
44.Rg1 g6 45.Rc1 Rh5 46.Kd4+ Kb6 47.Rh1 Rh4+ 48.Ke5 Rxb4 49.f4 Rb5+ 50.Ke4 Rh5
51.h4 g5 52.Kf5 Rxh4 53.Rxh4 gxh4 54.Kg4 f5+ 55.Kxh4 Kc5 56.Kh5 Kd4 57.Kxh6 Ke4
58.Kg5  1-0

[Event "EY Boys U16 2012"]
[Site "Prague CZE"]
[Date "2012.08.19"]
[Round "3.49"]
[White "Ramsdal,Jens Albert"]
[Black "Smith,Patrick L"]
[Result "1/2-1/2"]
[WhiteElo "1943"]
[BlackElo "1771"]

1.e4 d6 2.d4 Nf6 3.Nc3 e5 4.Nf3 exd4 5.Nxd4 g6 6.Bc4 Bg7 7.O-O O-O 8.f3 Re8
9.Bg5 Nc6 10.Nd5 Ne5 11.Bb3 c6 12.Nc3 h6 13.Bh4 Qe7 14.f4 Ned7 15.Nf3 Qf8
16.e5 dxe5 17.Nxe5 Nxe5 18.fxe5 Qc5+ 19.Bf2 Qxe5 20.Bd4 Qg5 21.Qc1 Qxc1 22.Raxc1 Bf5
23.Bxf6 Bxf6 24.g4 Bd4+ 25.Kh1 Be6 26.Rcd1 Bxc3 27.bxc3 Bxb3 28.cxb3 Rad8
29.c4 Kg7 30.Kg1 f6 31.Kh1 Kf7 32.Kg1 b6 33.Kh1 Rxd1 34.Rxd1 Ke7 35.Re1+ Kd7
36.Rd1+ Kc7 37.Rf1 Re6 38.h4 Kd6 39.Kg1 Ke7 40.Kf2 f5 41.gxf5 Rf6 42.Re1+ Kf7
43.Rd1 Rxf5+ 44.Kg2 Ke6 45.Rd8 g5 46.Rh8 Rf6 47.hxg5 hxg5 48.Rg8 Rf5 49.Rg7 Ra5
50.a4 a6 51.Rg6+ Kd7 52.Kf3 Re5 53.b4 Rf5+ 54.Ke3 Rf4 55.Rg7+ Kd6 56.Rg6+  1/2-1/2

[Event "Husek Vienna Open A"]
[Site "Vienna AUT"]
[Date "2012.08.19"]
[Round "7"]
[White "Dimitrijevic,R"]
[Black "Jovanovic,Zo CRO"]
[Result "0-1"]
[WhiteElo "2262"]
[BlackElo "2521"]

1.e4 d6 2.d4 Nf6 3.Nc3 e5 4.Nf3 Nbd7 5.Bc4 Be7 6.O-O O-O 7.Re1 c6 8.a4 b6
9.d5 cxd5 10.Nxd5 Bb7 11.b3 Rc8 12.Re2 Nc5 13.Nxf6+ Bxf6 14.Bd5 Bxd5 15.Qxd5 Ne6
16.Be3 Nc7 17.Qb7 Qd7 18.Rd1 Rb8 19.Qxa7 Qc6 20.b4 d5 21.exd5 Nxd5 22.b5 Qc4
23.Red2 Nc3 24.Re1 Nxa4 25.Ra1 Nc3 26.Bxb6 Nxb5 27.Qa6 Qc6 28.Be3 Ra8  0-1

[Event "11th Lichtenberger Sommer 2012"]
[Site "Berlin GER"]
[Date "2012.08.20"]
[Round "3.18"]
[White "Kollars,Dmitrij"]
[Black "Lorenz,Sa"]
[Result "1-0"]
[WhiteElo "1996"]
[BlackElo "2258"]

1.e4 d6 2.d4 Nf6 3.Nc3 c6 4.f4 Qa5 5.Bd3 e5 6.dxe5 dxe5 7.Nf3 Nbd7 8.fxe5 Nxe5
9.Bf4 Ng6 10.Bd2 Qc7 11.Qe2 Bc5 12.e5 Nd5 13.Bxg6 hxg6 14.Ne4 Be7 15.c4 Nb6
16.Nd6+ Kf8 17.Ba5 Bxd6 18.exd6 Qxd6 19.Rd1 Qe7 20.Qxe7+ Kxe7 21.Bb4+ Ke8
22.O-O Rh5 23.Rfe1+ Be6 24.g4 Rh8 25.Ng5 Rh4 26.h3 Nxc4 27.Nxe6 fxe6 28.Rxe6+ Kf7
29.Re7+ Kg8 30.Rdd7 Rh7 31.Bc3 Nb6 32.Rxb7 Nd5 33.Rxg7+ Rxg7 34.Rxg7+ Kf8
35.Rxg6 Nxc3 36.bxc3 Rd8 37.Rxc6 Rd1+ 38.Kg2 Rd2+ 39.Kg3 Rxa2 40.Rc7 a5 41.h4 Ra1
42.Ra7 a4 43.Kf4 a3 44.h5 a2 45.Kg5  1-0

[Event "ZMDI Open A 2012"]
[Site "Dresden GER"]
[Date "2012.08.20"]
[Round "3"]
[White "Richter,Mai"]
[Black "Berni,Fa"]
[Result "1-0"]
[WhiteElo "2265"]
[BlackElo "2132"]

1.e4 d6 2.d4 Nf6 3.Nc3 Nbd7 4.f4 e5 5.Nf3 exd4 6.Qxd4 c6 7.Bc4 d5 8.exd5 Bc5
9.Qd3 O-O 10.dxc6 bxc6 11.Bd2 Re8+ 12.Kf1 h6 13.g3 Nb6 14.Kg2 Nxc4 15.Qxc4 Bb6
16.Rad1 Be6 17.Qa4 Qc8 18.h3 Nd5 19.Ne4 Bf5 20.Rde1 Ne3+ 21.Bxe3 Rxe4 22.Qb3 Qd8
23.g4 Bxe3 24.Rxe3 Be6 25.Qa3  1-0

[Event "EY Boys U14 2012"]
[Site "Prague CZE"]
[Date "2012.08.20"]
[Round "4.16"]
[White "Winiarski,M"]
[Black "Msellek,I"]
[Result "1-0"]
[WhiteElo "2031"]
[BlackElo "2173"]

1.d4 d6 2.e4 Nf6 3.Nc3 e5 4.dxe5 dxe5 5.Qxd8+ Kxd8 6.Nf3 Bd6 7.Be3 c6 8.O-O-O Ke7
9.Bc4 Be6 10.Bxe6 fxe6 11.Ng5 Re8 12.Rd3 b6 13.Rhd1 Bc7 14.f3 h6 15.Nh3 Nbd7
16.g4 Rh8 17.Nf2 Nf8 18.h4 h5 19.Bg5 Rd8 20.Rxd8 Bxd8 21.gxh5 Rxh5 22.Nd3 Nd7
23.Nb4 Nb8 24.Nd3 Bc7 25.Ne2 Ke8 26.Ng3 Rh7 27.Nf2 Nbd7 28.Ng4 Rh8 29.Kd2 Nh7
30.Be3 Bd8 31.Rh1 c5 32.Ke2 Nhf6 33.h5 Kf7 34.h6 Nxg4 35.fxg4 g5 36.Rd1 Nb8
37.Nh5 Be7 38.Rf1+ Kg6 39.Ng7 Nc6 40.Nxe6 Nd4+ 41.Bxd4 exd4 42.Rh1 Rxh6 43.Rxh6+ Kxh6
44.Kd3 Bd6 45.Kc4 Bf4 46.Kd5 Kg6 47.e5 Be3 48.b3 a5 49.a4 Kf7 50.Nc7 Ke7
51.Na8 c4 52.bxc4  1-0

[Event "EY Girls U16 2012"]
[Site "Prague CZE"]
[Date "2012.08.20"]
[Round "4.8"]
[White "Osmanodja,F"]
[Black "Ivanova,Si"]
[Result "1-0"]
[WhiteElo "2199"]
[BlackElo "1952"]

1.e4 d6 2.d4 Nf6 3.Nc3 Nbd7 4.Nf3 e5 5.Bc4 Be7 6.O-O O-O 7.Re1 Nb6 8.Bf1 exd4
9.Nxd4 d5 10.e5 Ne8 11.a4 c5 12.Nf3 a5 13.h3 Nc7 14.Ne2 Ne6 15.Ng3 g6 16.Bh6 Re8
17.Nh2 Nc7 18.Ng4 Bxg4 19.Qxg4 Qd7 20.e6 fxe6 21.Bd3 e5 22.Bf5 Qd6 23.f4 e4
24.Rad1 Bf8 25.Bxf8 Rxf8 26.Nxe4 Qc6 27.Ng3 Rae8 28.c3 Kh8 29.Bc2 Rxe1+ 30.Rxe1 Re8
31.Rxe8+ Nxe8 32.f5 gxf5 33.Qxf5 Qh6 34.Qe5+ Qf6 35.Qxe8+  1-0

[Event "11th Lichtenberger Sommer 2012"]
[Site "Berlin GER"]
[Date "2012.08.21"]
[Round "4.82"]
[White "Bandlow,R"]
[Black "Reichert,L"]
[Result "1-0"]
[WhiteElo "1983"]
[BlackElo "1733"]

1.e4 d6 2.d4 Nf6 3.Nc3 e5 4.Nf3 exd4 5.Nxd4 Be7 6.Be2 O-O 7.Be3 a6 8.O-O Re8
9.f4 Nbd7 10.Bf3 Rb8 11.Nf5 Bf8 12.Ba7 Ra8 13.Bd4 c5 14.Bf2 Nb6 15.Qd3 Bxf5
16.exf5 Qc7 17.g4 Rad8 18.g5 c4 19.Qd4 Nfd7 20.Nd5 Nxd5 21.Bxd5 Nc5 22.Rae1 b5
23.g6 hxg6 24.fxg6 Ne6 25.gxf7+ Qxf7 26.Qe4 Kh8 27.Bxe6 Qh5 28.f5 d5 29.Qg2 Bd6
30.Re3 d4 31.Rh3  1-0

[Event "32nd Bratto Masters"]
[Site "Bratto ITA"]
[Date "2012.08.21"]
[Round "4.2"]
[White "Mamedov,Nid"]
[Black "Janev,E"]
[Result "1-0"]
[WhiteElo "2614"]
[BlackElo "2457"]

1.e4 d6 2.d4 Nf6 3.Nc3 e5 4.Nf3 Nbd7 5.Bc4 Be7 6.O-O O-O 7.Re1 exd4 8.Nxd4 Nb6
9.Bf1 c6 10.a4 a5 11.Bf4 Ng4 12.Nf5 Bxf5 13.exf5 Ne5 14.Qh5 Ned7 15.Rad1 d5
16.g4 h6 17.Qh3 Bf6 18.b3 Re8 19.Qg3 Rxe1 20.Rxe1 Bh4 21.Qf3 Nc5 22.Ne2 Nbd7
23.Ng3 Nf6 24.h3 Qf8 25.Qd1 Re8 26.Bg2 Rxe1+ 27.Qxe1 Qd8 28.Qd2 b6 29.Qd4 Qe7
30.Be3 Ncd7 31.Qd2 c5 32.Bf4 d4 33.Qe2 Qd8 34.Ne4 Nd5 35.Bh2 Be7 36.Nd2 N7f6
37.Nc4 Nb4 38.Be4 Bf8 39.Bf3 Nfd5 40.Bxd5 Nxd5 41.Qe4 Be7 42.Kf1 Nc3 43.Qb7 d3
44.cxd3 Qxd3+ 45.Kg2 Nd5 46.Bg3 h5 47.gxh5 Qxf5 48.Nxb6 Nxb6 49.Qxb6 Qxh5
50.Qxa5 Qd5+ 51.Kh2 Bf6 52.Qb5 Bd4 53.Qd3 Qd8 54.Qe4 g6 55.Kg2 f5 56.Qb7 Qf6
57.a5 g5 58.a6 c4 59.Qb8+ Kh7 60.a7 Qc6+ 61.Kg1 Bxa7 62.Qxa7+ Kg6 63.Be5 f4
64.bxc4 Qxc4 65.Qg7+ Kf5 66.Bf6 Ke4 67.Qxg5 Qc1+ 68.Kh2 Qd2 69.Qg2+ Kf5 70.Bg5  1-0

[Event "32nd Bratto Masters"]
[Site "Bratto ITA"]
[Date "2012.08.21"]
[Round "4.4"]
[White "Jerez Perez,A"]
[Black "Drazic,S"]
[Result "1/2-1/2"]
[WhiteElo "2412"]
[BlackElo "2516"]

1.e4 d6 2.d4 Nf6 3.Nc3 e5 4.Nf3 Nbd7 5.Bc4 Be7 6.O-O O-O 7.Qe2 c6 8.a4 b6
9.d5 Bb7 10.Rd1 c5 11.a5 Ne8 12.Ba6 Bxa6 13.Qxa6 Nc7 14.Qd3 Qc8 15.Be3 b5
16.Nxb5 Nxb5 17.Qxb5 Rb8 18.Qc6 Nf6 19.Bg5 Rxb2 20.Bxf6 Bxf6 21.Qxd6 c4 22.Qc6 Qxc6
23.dxc6 Rc8 24.Rab1 c3 25.Rxb2 cxb2 26.Rb1 Rxc6 27.Rxb2 g6 28.Ne1 Rc5 29.Ra2 Bd8
30.a6 Bb6 31.Kf1 Rc4 32.f3 Kg7 33.Nd3 Kf6 34.Ke2 Ke6 35.Kd2 f5 36.exf5+ gxf5
37.c3 Rh4 38.Rb2 Rxh2 39.Kd1 Rh1+ 40.Kc2 Ra1 41.Rb5 Ra2+ 42.Kb3 Ra5 43.Rb4 Kf6
44.Rh4 Kg6 45.g4 fxg4 46.Rxg4+ Kf6 47.Rh4 Kg6 48.Rg4+ Kh5 49.Nb4 Ra1 50.Nd5 Rxa6
51.Nf6+ Kh6 52.Ng8+  1/2-1/2

[Event "ZMDI Open A 2012"]
[Site "Dresden GER"]
[Date "2012.08.21"]
[Round "4"]
[White "Zwahr,P"]
[Black "Pogan,N"]
[Result "1/2-1/2"]
[WhiteElo "2313"]
[BlackElo "2205"]

1.e4 d6 2.d4 Nf6 3.Nc3 e5 4.Nf3 Nbd7 5.g4 Nxg4 6.Rg1 Ngf6 7.Bc4 h6 8.Be3 c6
9.dxe5 dxe5 10.Qd3 b5 11.Bxf7+ Kxf7 12.Nxe5+ Nxe5 13.Qxd8 Nf3+ 14.Kd1 Nxg1
15.Qc7+ Be7 16.Bc5 Rd8+ 17.Ke1 Rd7 18.Qxc6 Bb7 19.Qxb5 Bxc5 20.Qc4+ Kg6 21.Qxc5 Nf3+
22.Ke2 Nxe4 23.Nxe4 Bxe4 24.Rd1 Rxd1 25.Kxd1 Rd8+ 26.Ke2 Rd7 27.Ke3 Bb7 28.Qb5 Re7+
29.Kf4 Be4 30.Qc5 Kf6 31.Qc8 g5+ 32.Kg3 h5 33.Qf8+ Ke6 34.Qh6+ Kf5 35.Qxh5 Kf6
36.Qh8+ Kg6 37.Qg8+ Kf6 38.c4 Ne5 39.Qf8+ Rf7 40.Qd6+ Kf5 41.Qd8 Rd7 42.Qf8+ Ke6
43.Qh6+  1/2-1/2

[Event "12th World Uni Men"]
[Site "Guimaraes POR"]
[Date "2012.08.21"]
[Round "4.8"]
[White "Kurmann,O"]
[Black "Galmandakh,Badrakh"]
[Result "1-0"]
[WhiteElo "2469"]
[BlackElo "2253"]

1.e4 d6 2.d4 Nf6 3.Nc3 e5 4.Nf3 Nbd7 5.Bc4 Be7 6.O-O O-O 7.Re1 c6 8.a4 a5
9.h3 exd4 10.Nxd4 Nc5 11.Bf4 Re8 12.Qf3 Ncd7 13.Rad1 Qb6 14.Nf5 Ne5 15.Bxe5 dxe5
16.Nxe7+ Rxe7 17.Rd6 Ne8 18.Nd5 cxd5 19.Rxb6 dxc4 20.Rd1 Be6 21.Qc3 f6 22.Rxe6 Rxe6
23.Qxc4 Ra6 24.Rd8 Kf7 25.Qc8 Re7 26.Rxe8  1-0

[Event "12th ch-Euro Seniors"]
[Site "Kaunas LTU"]
[Date "2012.08.21"]
[Round "4.24"]
[White "Valenti,G"]
[Black "Marks,I"]
[Result "1/2-1/2"]
[WhiteElo "2180"]
[BlackElo "1947"]

1.e4 d6 2.d4 Nf6 3.Nc3 c6 4.Nf3 Bg4 5.Be2 e6 6.O-O Be7 7.a4 O-O 8.Re1 d5
9.e5 Nfd7 10.Nb1 c5 11.c3 Nc6 12.Nbd2 cxd4 13.cxd4 Rc8 14.Rf1 Nb4 15.Ra3 Bf5
16.Ne1 Bc2 17.Nxc2 Nxc2 18.Rd3 Qa5 19.b3 Rc3 20.Bb2 Rxd3 21.Bxd3 Nb4 22.Bb1 Rc8
23.Qh5 Nf8 24.Nf3 b5 25.axb5 Qxb5 26.Rd1 Nc2 27.Nd2 Bb4 28.Qf3 Ng6 29.g3 Na3
30.Bd3 Qa5 31.Nf1 Qb6 32.Ra1 Nb5 33.Bxb5 Qxb5 34.Rxa7 Rf8 35.Ne3 Ne7 36.Nc2 Nc6
37.Ra4 Be7 38.Ba3 Bxa3 39.Rxa3 Rb8 40.Qc3 h6 41.b4 Qc4 42.Qb2 Qe2 43.Re3 Qd2
44.Qc3 Qxc3 45.Rxc3 Nxb4  1/2-1/2

[Event "EY Boys U14 2012"]
[Site "Prague CZE"]
[Date "2012.08.21"]
[Round "5.60"]
[White "Chistiakov,Mihail"]
[Black "Truksa,V2"]
[Result "1-0"]
[WhiteElo "1879"]
[BlackElo "1673"]

1.e4 d6 2.d4 Nf6 3.Nc3 c6 4.f4 Qa5 5.Bd3 Bg4 6.Be2 Bxe2 7.Qxe2 e5 8.Nf3 exd4
9.Nxd4 Nbd7 10.Nb3 Qc7 11.Be3 Be7 12.h3 h6 13.O-O O-O 14.Nd4 Nc5 15.Nf5 Ncxe4
16.Nxe4 Nxe4 17.Bd4 Nc5 18.Nxe7+ Kh7 19.Nf5 Ne6 20.Qd3 g6 21.Ne3 f5 22.Rad1 Nxd4
23.Qxd4 d5 24.c4 Rfe8 25.cxd5 Re4 26.Qc5 b6 27.Qxc6 Qxc6 28.dxc6 Rxe3 29.Rd7+ Kg8
30.Rfd1 Ree8 31.R1d6 Rac8 32.Rxg6+ Kh8 33.Rxh6+ Kg8 34.Rxa7 Re1+ 35.Kh2 Rc1
36.c7 b5 37.Rb6 Rc5 38.b4 R5xc7 39.Rxc7 Rxc7 40.Rxb5 Ra7 41.Rxf5 Rxa2 42.Rb5 Kf7
43.Re5 Ra3 44.h4 Kf6 45.g3 Ra8 46.Kh3 Rg8 47.g4 Rb8 48.b5 Rc8 49.g5+ Kg6
50.Kg4  1-0

[Event "EY Girls U16 2012"]
[Site "Prague CZE"]
[Date "2012.08.21"]
[Round "5.32"]
[White "Zamanova,Bikakhanim"]
[Black "Goian,Valeria"]
[Result "1-0"]
[WhiteElo "1788"]
[BlackElo "1411"]

1.e4 d6 2.d4 Nf6 3.Nc3 c6 4.f3 Nbd7 5.Be3 e5 6.d5 Qc7 7.g4 cxd5 8.exd5 a6
9.Nge2 e4 10.g5 exf3 11.Ng3 Ng4 12.Qxf3 Nde5 13.Qe2 Nxe3 14.Qxe3 Be7 15.O-O-O Bg4
16.Be2 Bxe2 17.Ncxe2 Rc8 18.Nd4 Nc4 19.Qd2 Qb6 20.c3 O-O 21.h4 Rfe8 22.Qf2 Qa5
23.Kb1 Qb6 24.Rhf1 Ne5 25.Ngf5 Rxc3 26.Nxe7+ Kh8 27.Nb3 Qxf2 28.Rxf2 Rd3
29.Rxd3 Nxd3 30.Rxf7 Ne5 31.Rf1 g6 32.Nxg6+ hxg6 33.Rf6 Rd8 34.Nd2 Kg7 35.Ne4 Nc4
36.Re6 Kf7 37.b3 Ne3 38.Nxd6+ Kg7 39.Nxb7 Rb8 40.Rxe3 Rxb7 41.d6  1-0

[Event "EY Boys U14 2012"]
[Site "Prague CZE"]
[Date "2012.08.21"]
[Round "5.19"]
[White "Pak,Alexander"]
[Black "Morozov,N"]
[Result "1-0"]
[WhiteElo "2104"]
[BlackElo "2002"]

1.e4 d6 2.d4 Nf6 3.Nc3 e5 4.Nf3 Nbd7 5.Bc4 Be7 6.O-O O-O 7.a4 c6 8.Re1 a5
9.b3 exd4 10.Nxd4 Nb6 11.Bf1 d5 12.e5 Bb4 13.Bd2 Ng4 14.Qf3 Nxh2 15.Qg3 Nxf1
16.Kxf1 Qd7 17.f3 Re8 18.Bh6 g6 19.Nce2 Qc7 20.c3 Bf8 21.Bxf8 Kxf8 22.Nf4 Be6
23.Kf2 Nd7 24.Rh1 Nxe5 25.Rxh7 Bd7 26.Rah1 Qd8 27.Nfe6+ Bxe6 28.Qxe5  1-0

[Event "EY Boys U16 2012"]
[Site "Prague CZE"]
[Date "2012.08.21"]
[Round "5.1"]
[White "Boruchovsky,A"]
[Black "Drozdowski,K"]
[Result "1-0"]
[WhiteElo "2415"]
[BlackElo "2350"]

1.e4 d6 2.d4 Nf6 3.Nc3 c6 4.f4 Qa5 5.Bd3 e5 6.Nf3 Bg4 7.Be3 Nbd7 8.a3 Qb6
9.Na4 Qa5+ 10.Qd2 Qxd2+ 11.Nxd2 exf4 12.Bxf4 Be7 13.Nc3 O-O 14.O-O Nb6 15.a4 a5
16.Nc4 Nxc4 17.Bxc4 Rac8 18.Bb3 h6 19.h3 Bh5 20.Rfe1 Rfd8 21.g4 Bg6 22.Rad1 Nd7
23.Re2 Bf8 24.Bg3 Nb6 25.Rf1 d5 26.exd5 Nxd5 27.h4 f6 28.Nxd5 cxd5 29.h5 Bf7
30.c3 Rc6 31.Rfe1 Bd6 32.Bxd6 Rcxd6 33.Bc2 Rf8 34.Bf5 Rdd8 35.Re7 Rfe8 36.Kf2 Rxe7
37.Rxe7 Be8 38.Rxb7 Bxa4 39.Ra7 Rb8 40.b4 Bd1 41.Rxa5 Re8 42.Rxd5 Re2+ 43.Kf1 Kf8
44.Rd8+ Ke7 45.Rd7+ Kf8 46.Bg6 Rb2 47.Rf7+ Kg8 48.Re7 Ba4 49.Kg1 f5 50.Ra7 Bc6
51.Rc7 Rb1+ 52.Kf2 Rb2+ 53.Ke1 Be8 54.Rc8  1-0

[Event "EY Boys U18 2012"]
[Site "Prague CZE"]
[Date "2012.08.21"]
[Round "5.7"]
[White "Franklin,S"]
[Black "Kadric,D"]
[Result "1/2-1/2"]
[WhiteElo "2264"]
[BlackElo "2418"]

1.e4 d6 2.d4 Nf6 3.Nc3 e5 4.Nf3 Nbd7 5.Bc4 Be7 6.O-O O-O 7.Re1 a6 8.a4 b6
9.h3 c6 10.d5 c5 11.Be3 Ne8 12.Qd2 g6 13.Ng5 Ndf6 14.f4 Nd7 15.Rf1 exf4 16.Bxf4 Ne5
17.Bxe5 Bxg5 18.Bf4 Bxf4 19.Qxf4 f6 20.Rf2 Kg7 21.Raf1 Qe7 22.Be2 Nc7 23.Bg4 Bxg4
24.Qxg4 Rae8 25.Rf4 b5 26.axb5 axb5 27.Nd1 f5 28.Rxf5 Rxf5 29.exf5 Nxd5 30.Nc3 Ne3
31.f6+ Qxf6 32.Rxf6 Nxg4 33.Rf1 b4 34.Nb5 Ne3 35.Nxd6 Re6 36.Re1 Rxd6 37.Rxe3 Rd2
38.c3 Rxb2 39.cxb4 cxb4 40.Re7+ Kh6 41.Kh2 b3 42.Rb7 Kg5 43.Rxh7 Rc2 44.Rb7 b2
45.Kg3 Kf5 46.Kf3 Ke5 47.h4 Kd4 48.g4 Kc3 49.Kf4 Rh2  1/2-1/2

[Event "11th Lichtenberger Sommer 2012"]
[Site "Berlin GER"]
[Date "2012.08.22"]
[Round "5.31"]
[White "Schmidt,Markus1"]
[Black "Hermannsdoerfer,F"]
[Result "1/2-1/2"]
[WhiteElo "2051"]
[BlackElo "2242"]

1.e4 d6 2.d4 Nf6 3.Nc3 e5 4.Nf3 exd4 5.Nxd4 Be7 6.Be2 O-O 7.O-O Re8 8.f4 Bf8
9.Bf3 c5 10.Nde2 Bg4 11.Ng3 Bxf3 12.Qxf3 Nc6 13.Kh1 Nd4 14.Qd3 b5 15.Be3 Ng4
16.Bg1 g6 17.Nd5 Bg7 18.c3 Ne6 19.Qxb5 Rb8 20.Qe2 Qh4 21.Rf3 h5 22.Nf1 Rb7
23.g3 Qh3 24.Rb1 Nc7 25.Nxc7 Rxc7 26.Rd1 Rce7 27.Nd2 f5 28.Re1 Kh8 29.Qd3 Nf6
30.Rfe3 c4 31.Qxc4 fxe4 32.Qf1 Qxf1 33.Nxf1 d5 34.R3e2 Ng4 35.h3 Nh6 36.Ne3 Rd7
37.Nc2 Nf5 38.Kg2 Rb7 39.Nb4 d4 40.Rxe4 Rxe4 41.Rxe4 dxc3 42.bxc3 Bxc3 43.Nd3 Rd7
44.Ne5 Rd2+ 45.Kf3 Kg7 46.Bxa7 Rxa2 47.Bc5 h4 48.g4 Ng3 49.Rc4 Bxe5 50.fxe5 Kf7
51.Rf4+ Ke6 52.Rf6+ Kxe5 53.Rxg6 Ne4 54.Be3 Ra3 55.Rg8 Nd2+ 56.Ke2 Nc4 57.Re8+ Kf6
58.Re4 Nxe3 59.Rxe3 Ra2+ 60.Kf3 Rh2 61.Kf4 Rf2+ 62.Rf3 Rg2 63.Ke4+ Kg6 64.Ke3 Rh2
65.Kf4 Rg2 66.Ke3  1/2-1/2

[Event "12th Brasschaat Open"]
[Site "Brasschaat BEL"]
[Date "2012.08.22"]
[Round "5.4"]
[White "Dardha,A"]
[Black "Nijs,N"]
[Result "1/2-1/2"]
[WhiteElo "2254"]
[BlackElo "2275"]

1.e4 d6 2.d4 Nf6 3.Nc3 c6 4.f4 Qa5 5.Bd3 e5 6.dxe5 dxe5 7.Nf3 Nbd7 8.Qe2 Be7
9.O-O Qc7 10.a4 b6 11.Bc4 O-O 12.Kh1 Bb7 13.fxe5 Nxe5 14.Nxe5 Qxe5 15.Rf5 Qc7
16.Bf4 Qc8 17.Bg5 b5 18.axb5 cxb5 19.Bxf6 Bxf6 20.Nxb5 Rd8 21.Raf1 a6 22.Nc3 Re8
23.e5 Qc7 24.Qg4 h5 25.Qxh5 Qxc4 26.exf6 Re5 27.Qh3 Rxf5 28.Qxf5 g6 29.Qf2 Rd8
30.Re1 Qg4 31.Qg3 Qf5 32.Qc7 Qf2 33.Qxd8+ Kh7 34.Rg1  1/2-1/2

[Event "III Sarkany-Aranytiz IM"]
[Site "Budapest HUN"]
[Date "2012.08.22"]
[Round "5.3"]
[White "Roos,J"]
[Black "Berczes,C"]
[Result "1/2-1/2"]
[WhiteElo "2270"]
[BlackElo "2378"]

1.d4 d6 2.e4 Nf6 3.Nc3 Nbd7 4.Nf3 e5 5.Bc4 Be7 6.O-O O-O 7.Re1 c6 8.a4 b6
9.d5 cxd5 10.Bxd5 Nxd5 11.Nxd5 Nf6 12.Nxe7+ Qxe7 13.Qd3 Bb7 14.Bg5  1/2-1/2